| 000 | 01020cam a2200241 a 4500 | ||
|---|---|---|---|
| 999 |
_c234632 _d234632 |
||
| 001 | 12357992 | ||
| 003 | Nust | ||
| 005 | 20170328125012.0 | ||
| 008 | 010326s2001 ilu 000 1 eng | ||
| 010 | _a 2001001856 | ||
| 020 | _a9780810117235 | ||
| 040 |
_aDLC _cDLC _dDLC |
||
| 050 | 0 | 0 |
_aPQ2637.I547 _bJ3713 2001 |
| 082 | 0 | 0 |
_a843.914 _bSIM |
| 100 | 1 | _aSimon, Claude. | |
| 240 | 1 | 0 |
_aJardin des plantes. _lEnglish |
| 245 | 1 | 4 |
_aThe jardin des plantes / _cClaude Simon ; |
| 260 |
_aEvanston, Ill. : _bNorthwestern University Press, _c2001. |
||
| 300 |
_axi, 288 p. ; _c24 cm. |
||
| 650 | _aExperimental fiction, French | ||
| 700 | 1 |
_aStump, Jordan, _d1959- |
|
| 856 | 4 | 2 |
_3Contributor biographical information _uhttp://www.loc.gov/catdir/enhancements/fy0662/2001001856-b.html |
| 906 |
_a7 _bcbc _corignew _d1 _eecip _f20 _gy-gencatlg |
||
| 942 |
_2ddc _cBK |
||